| 000 | 01040cam a2200265 i 4500 | ||
|---|---|---|---|
| 003 | SA-RiAUC | ||
| 005 | 20250417063410.0 | ||
| 008 | 250416s1983 su g 00000 ara c | ||
| 040 |
_aSA-RiAUC _bara _cSA-RiAUC _erda |
||
| 082 | 0 | 4 | _a255 |
| 090 |
_a255 _b ج ا د |
||
| 100 | 1 |
_aجاد، سامح السيد أحمد. _eمؤلف. |
|
| 245 | 1 | 2 |
_aالعفوعن العقوبة في الفقه الإسلامي والقانون الوضعي / _cسامح السيد جاد. |
| 250 | _aالطبعة الثانية. | ||
| 264 | 1 |
_aجدة، السعودية : _bمكتبة الخدمات الحديثة، _c1983 |
|
| 300 |
_a118 صفحة ؛ _c24 سم. |
||
| 336 |
_aنص _btxt _2rdacontent _3كتاب |
||
| 337 |
_aبدون وسيط _bn _2rdamedia |
||
| 338 |
_aمجلد _bnc _2rdacarrier |
||
| 490 | 1 |
_aالكتاب الجامعي ؛ _v5 |
|
| 650 | 1 | 7 |
_aالعقوبات _2aucsh |
| 830 | 2 |
_aالكتاب الجامعي (مكتب الخدمات الحديثة) _v5 |
|
| 942 |
_2ddc _cBOOK _n0 |
||
| 949 |
_aSA-JeALM _d250416 _umohamedma123 _n1 |
||
| 999 |
_c7104 _d7104 |
||